|
|
|
|
| LEADER |
00000nam0a2200000 4500 |
| 001 |
309487 |
| 005 |
20231102002208.0 |
| 035 |
|
|
|a (RuTPU)RU\TPU\book\334809
|
| 090 |
|
|
|a 309487
|
| 100 |
|
|
|a 20151113d1971 k y0rusy50 ca
|
| 101 |
0 |
|
|a rus
|
| 102 |
|
|
|a RU
|
| 105 |
|
|
|a a z 001zy
|
| 200 |
1 |
|
|a Эллипсометрия. Основы метода
|f Ю. И. Урывский
|
| 210 |
|
|
|a Воронеж
|c Изд-во ВГУ
|d 1971
|
| 215 |
|
|
|a 132 с.
|c ил.
|
| 320 |
|
|
|a Библиогр.: с. 128-129
|
| 606 |
|
|
|a Оптические приборы, теория
|2 stltpush
|3 (RuTPU)RU\TPU\subj\59489
|9 77013
|
| 610 |
1 |
|
|a поляризованный свет
|
| 610 |
1 |
|
|a свойства
|
| 610 |
1 |
|
|a описание
|
| 610 |
1 |
|
|a поляризаторы
|
| 610 |
1 |
|
|a световой поток
|
| 610 |
1 |
|
|a уравнения
|
| 610 |
1 |
|
|a решение
|
| 610 |
1 |
|
|a сфера Пуанкаре
|
| 610 |
1 |
|
|a эллипсометрия
|
| 610 |
1 |
|
|a оптические элементы
|
| 610 |
1 |
|
|a юстировка
|
| 610 |
1 |
|
|a фазовые пластинки
|
| 675 |
|
|
|a 535.8
|v 4
|
| 700 |
|
1 |
|a Урывский
|b Ю. И.
|g Юрий Иванович
|
| 801 |
|
1 |
|a RU
|b 63413507
|c 20151113
|
| 801 |
|
2 |
|a RU
|b 63413507
|c 20170503
|g RCR
|
| 942 |
|
|
|c BK
|